| 000 | 00830nam a22002177a 4500 | ||
|---|---|---|---|
| 999 |
_c7580 _d7580 |
||
| 003 | AR-CdUCM | ||
| 008 | 190320b ||||| |||| 00| 0 spa d | ||
| 040 |
_aMUNICIPALIDAD PROVINCIAL DEL CUSCO _cBIBLIOTECA MUNICIPAL DEL CUSCO |
||
| 082 |
_a573.9 / _bD63 |
||
| 100 |
_aDembo, Adolfo _921405 |
||
| 245 | _aDeformaciones intencionales del cuerpo humano de carácter étnico / | ||
| 260 |
_aBuenos Aires : _bJosé Anesi, |
||
| 300 |
_a347 páginas ; _bIlustraciones, _c20 cm. |
||
| 440 |
_aPropedeutica _n3 _921406 |
||
| 505 | _aDoctrina humanista de las deformaciones corporales -- Mutilaciones y deformaciones -- Deformaciones faciales -- De la deformación cefálica ... | ||
| 650 |
_aDeformidades artificiales _921407 |
||
| 650 |
_aMutilación _921408 |
||
| 700 |
_aImbelloni, J. _921409 |
||
| 942 |
_2ddc _cLIBROS |
||
| 945 | _aacv | ||